000 00481nam a22001817a 4500
003 CEME
005 20210628203351.0
008 210305b xxu||||| |||| 00| 0 eng d
020 _a0-14-062047-8
040 _c.
082 _a808.83 HAR
100 _aHardy, Thomas
_927910
245 _aFar from the madding crowd
260 _aNEW YORK
_bPENGUIN BOOKS
_c1994
300 _aVII,374P
650 _aENGLISH LITERATURE-FICTION.PENGUINE POPULAR CLASSIC
_964803
942 _cBK
_2ddc
999 _c573349
_d573349